000 006220000a22001810004500
003 MACL
005 20160525154358.0
008 160525b xxu||||| |||| 00| 0 eng d
040 _aMACL
_cMACL
041 _aHindi
082 _a891.433 CHA
100 _aचटटोपाध्‍याय, शरत़चन्‍द्र
_939988
245 _aलेन-देन
_cशरत़चन्‍द्र चटटोपाध्‍याय
260 _bउत्‍सव पब्लिकेशन
_c2004
_aनई दिल्‍ली
350 _a200
650 _aNovel
_959503
942 _cHIN
_k800/CHA/N
_2ddc
999 _c18405
_d18405